Darwin y el darwinismo en el Uruguay y en América Latina

Na minha lista:
Detalhes bibliográficos
Autor principal: Glick, Thomas F (Author)
Formato: Livro
Idioma:espanhol
Publicado em: Montevideo Universidad de la República 1989
Assuntos:
Tags: Adicionar Tag
Sem tags, seja o primeiro a adicionar uma tag!

MARC

LEADER 00000nam a2200000 a 4500
001 UCY1859
003 CL-VaPUC
008 940926e19890000UY |||||||||||||||||spa|d
082 0 4 |a 575.016  |b GLI  |2 21 
100 |a Glick, Thomas F  |e author  |9 521581 
245 1 0 |a Darwin y el darwinismo en el Uruguay y en América Latina 
300 |a 136 p 
942 |c BK 
945 |d 19940926 00:00:00  |a oaravena 
260 |a Montevideo  |b Universidad de la República  |c 1989 
650 0 |a Evolución  |9 259442 
650 0 |a Antropología filosófica  |9 265842 
583 |a last modification  |c 20120930 10:42:42  |k Rodrigo Vera 
999 |c 230441  |d 230439 
952 |0 0  |1 0  |4 0  |6 575_016000000000000_GLI_1989  |7 0  |8 A  |9 232713  |a BIBHIS  |b BIBHIS  |d 2019-11-15  |i 3019683  |o 575.016 GLI 1989  |p 3019683  |r 2025-01-20  |w 2019-11-15  |y BK  |k HIS